| 000 | 00740nab a2200229 4500 | ||
|---|---|---|---|
| 003 | BR-BrBNA | ||
| 005 | 20250228162816.0 | ||
| 008 | 250228b bl.||||| |||| 00| 0 por d | ||
| 040 |
_aBR-BrBNA _bpor |
||
| 072 | _aA50 ; L01 | ||
| 100 | _aAraújo, Carla | ||
| 245 |
_aAgricultura subterrânea _bAgrotecnologia |
||
| 500 | _a2 illus. | ||
| 650 | _aAGRICULTURA | ||
| 650 | _aSUBSOLO | ||
| 650 | _aPESQUISA AGRÍCOLA | ||
| 650 | _aILUMINAÇÃO ARTIFICIAL | ||
| 650 | _aFOTOSSÍNTESE | ||
| 773 | 0 |
_01706 _9347825 _dSão Paulo-SP Editora Três Ltda - E-mail: luizfsa@revistadinheiro.com.br 2004 _o2025-0326 _tDinheiro Rural (Brazil) _x1807-3700 _gv. 2(11) p. 32-33; (Sep 2005) _wBR2025000042 |
|
| 942 | _cANA | ||
| 999 |
_c330204 _d330204 |
||